Name The Skiing Event - Statistics

General Stats
  • This quiz has been taken 25 times
  • The average score is 5 of 12
Answer Stats
Hint Answer % Correct
Skis across mostly flat surface, usually in heats Cross-Country
75%
Skier races down course solo for time Alpine
63%
Skier does tricks through a manmade valley Halfpipe
63%
Skier goes through bumps and jumps Moguls
54%
Skis are in tracks and the score is determined by form and distance Ski Jumping
42%
Skier competes in ungroomed terrain Freeride
38%
Skier takes skins off skis mid race Mountaineering
33%
Skiers race side by side over jumps Ski Cross
33%
Ski does a ski jump and cross country skis Nordic Combined
25%
Skier races down the course, with ankles coming off skis to turn Telemark
25%
Skiing sport involving shooting Biathalon
21%
Skier does tricks on only rails Rail Jam
13%
No matching quizzes found
Score Distribution
Percent of People with Each Score
Percentile by Number Answered
Your Score History
You have not taken this quiz